[Event "IV Open"]
[Site "Calvia ESP"]
[Date "2007.10.20"]
[Round "6"]
[White "Pogorelov,R"]
[Black "Gharamian,T"]
[Result "0-1"]
[WhiteElo "2411"]
[BlackElo "2557"]

1.Nf3 Nf6 2.c4 c5 3.Nc3 e6 4.g3 b6 5.Bg2 Bb7 6.O-O Be7 7.Re1 d6 8.e4 a6 9.d4 cxd4
10.Nxd4 Qc7 11.Be3 O-O 12.Rc1 Nbd7 13.f4 Rfe8 14.g4 Nc5 15.Bf2 g6 16.f5 exf5
17.Nd5 Bxd5 18.cxd5 Nxg4 19.b4 Nxf2 20.Kxf2 Bh4+ 21.Kf1 Bxe1 22.Qxe1 fxe4
23.bxc5 dxc5 24.Nc6 Qxh2 25.Rd1 Qd6 26.Qh4 Rac8 27.Ke1 Rc7 28.Bf1 b5 29.Be2 Kg7
30.Kf2 Rxc6 31.dxc6 Qxc6 32.Ke3 c4 33.Kd2 Qf6 34.Qxf6+ Kxf6 35.Kc3 h5 36.Kb4 Ke5
37.a4 Rc8 38.axb5 axb5 39.Kxb5 c3 40.Bc4 Rb8+ 41.Kc5 f5 42.Bf7 h4 43.Bxg6 Rc8+
44.Kb4 c2 45.Rc1 h3 46.Kb3 h2 47.Kb2 Rb8+  0-1

[Event "IV Veterans"]
[Site "Calvia ESP"]
[Date "2007.10.22"]
[Round "8"]
[White "Lazaro Porta,A"]
[Black "Forteza Valls,J"]
[Result "1-0"]
[WhiteElo "2038"]
[BlackElo "2119"]

1.Nf3 Nf6 2.c4 c5 3.Nc3 e6 4.d4 cxd4 5.Nxd4 a6 6.e4 Bb4 7.Bd3 Qc7 8.Qe2 d6
9.O-O Bxc3 10.bxc3 b6 11.f4 Nbd7 12.Ba3 Bb7 13.Rae1 Nc5 14.Bxc5 Qxc5 15.Kh1 h5
16.Nb3 Qc7 17.e5 Ng4 18.h3 Nh6 19.f5 O-O-O 20.fxe6 fxe6 21.Nd4 Qe7 22.Be4 d5
23.cxd5 exd5 24.Bf5+ Kb8 25.Bd3 Qa3 26.Rb1 Qxc3 27.Ne6 Rde8 28.Rxb6 Rxe6
29.Rxe6 Ng4 30.Re7 Qa3 31.Ref7 d4 32.Rb1 Ka8 33.Rfxb7 Rc8 34.R7b2 Ka7 35.hxg4 hxg4
36.Kg1 Re8 37.Rb7+  1-0

[Event "ch-Euro Blitz"]
[Site "Ajaccio FRA"]
[Date "2007.10.25"]
[Round "10"]
[White "Cvitan,O"]
[Black "Riff,JN"]
[Result "1/2-1/2"]
[WhiteElo "2543"]
[BlackElo "2474"]

1.c4 Nf6 2.Nc3 c5 3.Nf3 e6 4.g3 b6 5.Bg2 Bb7 6.O-O d6 7.d4 cxd4 8.Qxd4 a6
9.Rd1 Qc7 10.Ng5 Bxg2 11.Kxg2 Nc6 12.Qf4 Be7 13.b3 O-O 14.Bb2 Rad8 15.Rac1 Ne5
16.Nf3 Qb7 17.Kg1 Ng6 18.Qe3 b5 19.Nd2 d5 20.cxd5 Nxd5 21.Nxd5 Rxd5 22.Nf3 Rfd8
23.Rxd5 Qxd5 24.Qb6 e5 25.Qxa6 e4 26.Nd4 e3 27.Qxb5 exf2+ 28.Kxf2 Qe4 29.Qf5 Rxd4
30.Rc8+ Bf8 31.Qxe4 Rxe4 32.Bc3 h5 33.a4 Kh7 34.a5 Re6 35.b4 Bxb4 36.Bxb4 Ne5
37.h3 Ra6 38.Bc3 Nc6 39.Rc7 Kg6 40.e4 Nxa5 41.Rc5 Nc6 42.Ke3 Ne7 43.g4 hxg4
44.hxg4 Re6 45.Kf4 Kh7 46.Kg3 Kg6 47.Kf3 Kh7 48.Kf4 Ng6+ 49.Kf3 Nf4 50.Kxf4 Rxe4+
51.Kxe4  1/2-1/2

[Event "22nd GP Open A"]
[Site "Le Touquet FRA"]
[Date "2007.10.28"]
[Round "2"]
[White "Gofshtein,Z"]
[Black "Soyez,C"]
[Result "0-1"]
[WhiteElo "2542"]
[BlackElo "2235"]

1.Nf3 c5 2.c4 Nf6 3.Nc3 d5 4.cxd5 Nxd5 5.d4 Nxc3 6.bxc3 g6 7.e4 Bg7 8.Rb1 Nc6
9.d5 Bxc3+ 10.Bd2 Bxd2+ 11.Qxd2 Nd4 12.Nxd4 cxd4 13.Bb5+ Bd7 14.Bxd7+ Qxd7
15.Qh6 f5 16.Qg7 O-O-O 17.Qxd4 Kb8 18.f3 fxe4 19.fxe4 Rhf8 20.Rf1 Qd6 21.Qb4 Qxb4+
22.Rxb4 Rxf1+ 23.Kxf1 Rc8 24.Ke2 Rc2+ 25.Kd3 Rxa2 26.Kd4 Kc7 27.Ke5 Ra6 28.g4 g5
29.Kf5 Rg6 30.e5 a5 31.Rb5 Ra6 32.d6+ exd6 33.e6 a4 34.Kf6 a3 35.Rb1 a2 36.Ra1 Ra4
37.Kf7 d5 38.e7 Rxg4 39.Ke8 Ra4 40.Kf7 Rf4+ 41.Ke8 Kd6 42.Rxa2 Re4 43.Kf7 Rxe7+
44.Kf6 h6 45.Rb2 Re4 46.Kg6 g4 47.Kxh6 Ke5 48.Kg6 d4 49.Rxb7 Re2  0-1

[Event "2nd MAIG Team Standard"]
[Site "Macau CHN"]
[Date "2007.10.30"]
[Round "6"]
[White "Camacho,C"]
[Black "Ghader Pour,S"]
[Result "1-0"]
[WhiteElo "2094"]
[BlackElo "2173"]

1.Nf3 Nf6 2.c4 e6 3.Nc3 c5 4.d4 cxd4 5.Nxd4 Bb4 6.Nb5 O-O 7.Bf4 Na6 8.a3 Bxc3+
9.Nxc3 d5 10.cxd5 exd5 11.e3 Nc5 12.Be2 Be6 13.O-O Rc8 14.Rc1 a6 15.Bg5 h6
16.Bh4 Ncd7 17.Bf3 Qa5 18.Qd2 Rc4 19.Bg3 Rfc8 20.Rcd1 b6 21.h3 Ne4 22.Nxe4 dxe4
23.Qxa5 bxa5 24.Be2 R4c6 25.Rd4 f5 26.Ra4 Rc2 27.Bxa6 Ra8 28.Rxa5 Nc5 29.Bd3 exd3
30.Rxa8+ Kf7 31.Be5 Ne4 32.f3 Nd2 33.Rd1 Nc4 34.Bd4 d2 35.Kf2 g5 36.Ke2 f4
37.b3 Nd6 38.Rxd2 Rc1 39.Ra7+ Ke8 40.Bf6 Rc6 41.Re7+  1-0

[Event "VIII Int Rapid"]
[Site "El Sauzal ESP"]
[Date "2007.11.03"]
[Round "2"]
[White "Vidarte Morales,A"]
[Black "Marrero Falcon,H"]
[Result "1-0"]
[WhiteElo "2417"]
[BlackElo "2000"]

1.c4 c5 2.Nf3 Nf6 3.Nc3 b6 4.g3 Bb7 5.Bg2 g6 6.d4 cxd4 7.Qxd4 Bg7 8.O-O O-O
9.Qh4 d6 10.Rd1 Nbd7 11.Bg5 Rc8 12.Rac1 Nc5 13.Bh3 Bxf3 14.exf3 Ne6 15.Be3 g5
16.Bxg5 Nxg5 17.Qxg5 Rxc4 18.Qe3 Rc5 19.f4 Qc7 20.Nb5 Qb7 21.Nd4 Qe4 22.Nb3 Rxc1
23.Rxc1 e6 24.Qxe4 Nxe4 25.f3 Nc5 26.Bg2 Bxb2  1-0

[Event "Promesas"]
[Site "Ronda ESP"]
[Date "2007.11.03"]
[Round "6"]
[White "Minzer,C"]
[Black "Lopez Gonzalez,D"]
[Result "1-0"]
[WhiteElo "2417"]
[BlackElo "2176"]

1.c4 Nf6 2.Nc3 c5 3.Nf3 e6 4.g3 b6 5.Bg2 Bb7 6.O-O Be7 7.b3 O-O 8.d4 cxd4
9.Qxd4 Nc6 10.Qf4 Qb8 11.Rd1 Rd8 12.Qxb8 Raxb8 13.Bf4 d6 14.Rd2 h6 15.Rad1 e5
16.Be3 Ba8 17.h3 a6 18.Nh4 g6 19.Bxh6 Ne8 20.Nf3 f6 21.h4 b5 22.cxb5 axb5
23.Nd5 Bf8 24.Bxf8 Kxf8 25.Ne1 Ne7 26.Nc2 Nxd5 27.Bxd5 Bxd5 28.Rxd5 Ke7 29.Nb4 Rdc8
30.Kf1 f5 31.Ke1 Ke6 32.e3 Rb6 33.f3 Nf6 34.R5d2 Rg8 35.Kf2 g5 36.hxg5 Rxg5
37.Rh1 Rb7 38.Rh6 Rh5 39.Rxh5 Nxh5 40.Rd1 Nf6 41.Rh1 e4 42.f4 Rc7 43.Ke2 Rg7
44.Rh3 Kf7 45.Kd2 Kg6 46.Rh1 Kf7 47.Rh3 Kg6 48.Rh1 Kf7 49.a4 bxa4 50.bxa4 Rxg3
51.a5 Rg8 52.a6 Ra8 53.Kc3 Ke6 54.Rh6 Kf7 55.Kc4 Kg7 56.Rh1 Ne8 57.Ra1 Nc7
58.a7 Kf6 59.Nd5+  1-0

[Event "Open"]
[Site "Villa de Navalmoral ESP"]
[Date "2007.11.06"]
[Round "3"]
[White "Ubilava,E"]
[Black "Iordanov,N"]
[Result "1/2-1/2"]
[WhiteElo "2551"]
[BlackElo "2187"]

1.Nf3 c5 2.c4 Nf6 3.Nc3 d5 4.cxd5 Nxd5 5.d4 cxd4 6.Qxd4 Nxc3 7.Qxc3 Nc6 8.e4 e6
9.a3 Bd7 10.Be2 Rc8 11.O-O Na5 12.Qd3 Be7 13.Bd2 Nc4 14.Bc3 Bf6 15.Bxf6 Qxf6
16.Rac1 Nb6 17.Rxc8+ Bxc8 18.Qb5+ Bd7 19.Qb4 Qe7 20.Qa5 Nc8 21.Qc7 O-O 22.Qxb7 Ba4
23.Qxe7 Nxe7 24.Rc1 Bc6 25.Nd2 Rd8 26.Rc2 Ba8 27.f3 Nc6 28.Kf2 g5 29.b4 Kg7
30.Nb3 f5 31.b5 Ne5 32.Rc7+ Kf6 33.exf5 exf5 34.Rxa7 Bd5 35.Ra6+ Kf7 36.Nd4 f4
37.Nf5 Be6 38.Nd6+ Ke7 39.Ne4 Bc4 40.Ra7+ Ke6 41.Nxg5+ Kf5 42.Ne4 Bxe2 43.Kxe2 Rd3
44.Rf7+ Kg6 45.Rxf4 Rxa3 46.Rf6+ Kg7 47.Rd6 Rb3 48.b6 Rb2+ 49.Kd1 Nc4  1/2-1/2

[Event "ch-IND w"]
[Site "Pune IND"]
[Date "2007.11.07"]
[Round "2"]
[White "Baisakhi,D"]
[Black "Dave,D"]
[Result "0-1"]
[WhiteElo "2101"]
[BlackElo "2002"]

1.c4 c5 2.Nc3 Nf6 3.Nf3 e6 4.g3 b6 5.Bg2 Bb7 6.O-O Be7 7.b3 a6 8.Bb2 O-O
9.Rc1 d6 10.d4 cxd4 11.Qxd4 Nbd7 12.Rfd1 Rc8 13.Ne1 Qc7 14.e4 Qb8 15.Nc2 Qa8
16.Ne3 Nc5 17.f3 b5 18.b4 Ncd7 19.cxb5 axb5 20.Nxb5 e5 21.Qd2 Qxa2 22.Nf5 Bd8
23.Nbxd6 Rxc1 24.Rxc1 Ba8 25.Kh1 Qa7 26.Qg5 g6 27.Nh6+ Kg7 28.Qd2 Bb6 29.Nc4 Bc7
30.Ng4 Nxg4 31.fxg4 Bb8 32.Ra1 Qb7 33.Na5 Qc7 34.Rc1 Qd8 35.b5 Nf6 36.Qxd8 Rxd8
37.Nc6 Bxc6 38.bxc6 Nxg4 39.Bf3 Nf2+ 40.Kg2 Rd2 41.Bc3 Ra2 42.Kf1 Nd3 43.Rd1 Rf2+
44.Kg1 Rxf3 45.Kg2 Re3 46.Ba5 Re2+ 47.Kf3 Rc2 48.c7 Bxc7 49.Bxc7 Rxc7 50.Rxd3 Kf6
51.g4 h6 52.Rb3 Rc1 53.Kg3 Rg1+ 54.Kf3 Rf1+ 55.Kg3 Rf4 56.Rb6+ Ke7 57.Rb4 Kd6
58.Rb7 Kc6 59.Re7 Kd6 60.Ra7 h5 61.h3 hxg4 62.hxg4 Ke6 63.Ra6+ Ke7 64.Ra4 Kf6
65.Kh4 Kg7 66.Kg3 Kh6 67.Ra7 Kg5 68.Kh3 f6 69.Ra3 Rxg4 70.Re3 Kf4 71.Re1 Kg5
72.Re2 Rh4+ 73.Kg3 Rh1 74.Kg2 Ra1 75.Kf3 Ra3+ 76.Kg2 Ra5 77.Rb2 f5 78.exf5 gxf5
79.Rb4 Ra3 80.Kf2 e4 81.Rb5 Kf4 82.Rb2 Rd3 83.Ke2 Rh3 84.Rb5 Rh2+ 85.Ke1 e3
86.Ra5 Ke4 87.Kd1 f4 88.Ra4+ Kf3  0-1

[Event "Open"]
[Site "Liberec CZE"]
[Date "2007.11.13"]
[Round "4"]
[White "Tesar,J"]
[Black "Muehlhan,K"]
[Result "0-1"]
[WhiteElo "2069"]
[BlackElo "1946"]

1.c4 c5 2.Nf3 Nf6 3.Nc3 e6 4.d4 cxd4 5.Nxd4 a6 6.g3 Qc7 7.Qd3 Nc6 8.Nxc6 dxc6
9.Bg2 Bd7 10.O-O Rd8 11.e4 Bc5 12.Na4 Ba7 13.c5 e5 14.b4 O-O 15.Qe2 Be6 16.Bb2 Bb8
17.h3 Nd7 18.a3 a5 19.Bc3 axb4 20.axb4 b5 21.cxb6 Nxb6 22.Bxe5 Qxe5 23.Nxb6 Qd4
24.Na4 Bc4 25.Qc2 Bxf1 26.Rxf1 Bxg3 27.Qxc6 Bd6 28.Nc5 Rc8 29.Qd5 Bxc5 30.bxc5 Qxc5
31.Rd1 Qxd5 32.exd5 Rfd8 33.Bf3 Rd6 34.Kg2 f5 35.Kg3 Kf7 36.Rd2 Kf6 37.Ra2 Rc3
38.Kg2 Ke5 39.h4 Rg6+  0-1

[Event "Open"]
[Site "Liberec CZE"]
[Date "2007.11.14"]
[Round "5"]
[White "Golcman,E"]
[Black "Porat,Ma"]
[Result "1-0"]
[WhiteElo "2223"]
[BlackElo "2198"]

1.c4 Nf6 2.Nc3 c5 3.Nf3 g6 4.g3 Bg7 5.Bg2 O-O 6.O-O Nc6 7.d4 cxd4 8.Nxd4 Nxd4
9.Qxd4 d6 10.Qh4 Be6 11.Bxb7 Rb8 12.Bf3 Qa5 13.Rd1 Rfc8 14.Nd5 Nxd5 15.cxd5 Bf6
16.Bg5 Rb4 17.e4 Bxg5 18.Qxg5 f6 19.Qd2 Bd7 20.Rac1 Qb6 21.Rxc8+ Bxc8 22.Rc1 Bd7
23.b3 Rb5 24.Rc4 Rc5 25.Qc3 Bb5 26.Rxc5 Qxc5 27.Qxc5 dxc5 28.Bd1 Kf7 29.f3 e6
30.dxe6+ Kxe6 31.Kf2 Ke5 32.Ke3 c4 33.f4+ Kd6 34.b4 Bd7 35.Kd4 Be6 36.a3 Kc6
37.a4 Kb6 38.Be2 Bd7 39.a5+ Kb5 40.Kc3 Be6 41.h4 a6 42.h5 Bf7 43.Bg4 Kc6
44.Bc8 g5 45.h6 gxf4 46.gxf4 Bg6 47.f5 Bh5 48.Bxa6 Bf3 49.Kd4 c3 50.Bd3  1-0

[Event "WYb18"]
[Site "Kemer TUR"]
[Date "2007.11.18"]
[Round "1"]
[White "Rakhmanov,Ale"]
[Black "Idrisov,T"]
[Result "0-1"]
[WhiteElo "2510"]
[BlackElo "2191"]

1.Nf3 Nf6 2.c4 e6 3.Nc3 c5 4.e3 Be7 5.d4 cxd4 6.exd4 O-O 7.Bd3 d6 8.O-O b6
9.Re1 Bb7 10.Bg5 Nbd7 11.Rc1 Rc8 12.b3 a6 13.Bb1 Re8 14.Qd3 Nf8 15.a4 Nh5
16.Bd2 Nf6 17.Ng5 d5 18.a5 h6 19.Nh3 dxc4 20.bxc4 bxa5 21.c5 Qd7 22.Bf4 Red8
23.Rcd1 Nd5 24.Nxd5 Qxd5 25.Qf1 a4 26.Be5 Bc6 27.f3 Bb5 28.Qf2 f6 29.Nf4 Qd7
30.Qg3 fxe5 31.Nh5 Bg5 32.h4 Qf7 33.hxg5 Qxh5 34.Rxe5 Rd5 35.Rde1 hxg5 36.Ba2 Rxe5
37.Qxe5 Re8 38.d5 Ng6 39.Qc7 g4 40.dxe6 g3 41.Qxg3 Qxc5+ 42.Kh1 Qh5+ 43.Kg1 Ne7
44.Re4 Rc8 45.Rh4 Rc1+ 46.Kh2 Qc5 47.Qg4 Qg1+ 48.Kg3 Qe1+ 49.Kh2 Qg1+ 50.Kh3 g6
51.Qg3 Rc5 52.Qb8+ Rc8 53.Qg3 Bd3 54.Rxa4 Qh1+ 55.Qh2 Qxh2+ 56.Kxh2 Rb8 57.Rd4 Bb5
58.f4 Kg7 59.g4 Rc8 60.Kg3 Rc3+ 61.Kh4 Ra3 62.Bb1 Ra4 63.Rxa4 Bxa4 64.Kg5 Be8
65.f5 gxf5 66.gxf5 Nd5 67.Ba2 Nf6 68.Kf4 Kf8 69.Ke5 Ke7 70.Bb3 Bc6 71.Bd1 a5
72.Bc2 Bb5 73.Bd1 a4 74.Bc2 Bc6 75.Kd4 a3 76.Kc3 Bd5 77.Bd3 Kd6 78.Bc2 Kc5
79.Bd3 Ba2 80.Be2 Nd5+ 81.Kd2 Bb1 82.e7 Nxe7 83.f6 Ng6 84.Kc3 Ba2 85.Bh5 Nf8
86.Be8 Be6 87.Kc2 Kd6 88.Bh5 Ke5 89.f7 Kd4 90.Kb1 Kc3 91.Ka1 Kd4 92.Kb1 Ke5
93.Ka1 Kf6 94.Bd1 Bxf7 95.Bc2 Ke5 96.Bb1 Kd4 97.Ba2 Be8 98.Bb1 Kc3 99.Ka2 Kb4
100.Bf5 Bd7 101.Be4 Be6+ 102.Ka1 Nd7 103.Bf3 Nc5 104.Bd1 Bb3 105.Bg4 Bd5
106.Bd1 Ne6 107.Bc2 Nd4 108.Bh7 Be6 109.Bg6 a2 110.Kb2 Bg8 111.Be4 Nb3 112.Kxa2 Nd2+
113.Kb2 Nxe4 114.Kc2 Bc4 115.Kb2 Nc3 116.Ka1 Ne4 117.Kb2 Nc5 118.Ka1 Ka3
119.Kb1 Ba2+ 120.Kc2 Ne4 121.Kd3 Bb1+ 122.Kc4 Ka4 123.Kd5 Kb4 124.Kd4 Nc5
125.Kd5 Ba2+ 126.Ke5 Kc4 127.Kf5 Kd4 128.Kf6 Ke4 129.Kg5 Bc4 130.Kf6 Bd3
131.Kg5 Ke5 132.Kg4 Be4 133.Kg5 Nd3 134.Kg4 Kf6 135.Kh5 Bf5 136.Kh4 Kg6 137.Kg3 Be4
138.Kg4 Kh6 139.Kh4 Nc1 140.Kg3 Kg5 141.Kf2 Kf4 142.Ke1 Ke3 143.Kd1 Ne2 144.Ke1 Nc3
145.Kf1 Bf3 146.Ke1 Nd5 147.Kf1 Nb4 148.Kg1 Nc2 149.Kh2 Nd4 150.Kg3 Nf5+
151.Kh2 Kf2 152.Kh3 Bh5 153.Kh2 Bg4 154.Kh1 Ng3+ 155.Kh2 Nf1+  0-1

[Event "WYb18"]
[Site "Kemer TUR"]
[Date "2007.11.22"]
[Round "5"]
[White "Brener,I"]
[Black "Idrisov,T"]
[Result "1-0"]
[WhiteElo "2382"]
[BlackElo "2191"]

1.Nf3 c5 2.c4 Nf6 3.Nc3 e6 4.g3 b6 5.Bg2 Bb7 6.O-O Be7 7.Re1 O-O 8.e4 d6
9.d4 cxd4 10.Nxd4 Qc8 11.Be3 a6 12.Rc1 Nbd7 13.f4 Bd8 14.b3 Bc7 15.Bf2 g6
16.b4 h5 17.h3 Re8 18.Nf3 Qb8 19.Ng5 Re7 20.Qb3 Qa7 21.Qa3 Qb8 22.Qb2 Qc8
23.Re2 Bd8 24.Bd4 Re8 25.Rf2 e5 26.fxe5 dxe5 27.Be3 Re7 28.Nd5 Re6  1-0

[Event "20th Belgrade Trophy"]
[Site "Belgrade SRB"]
[Date "2007.11.25"]
[Round "4"]
[White "Cvetkovic,Sr"]
[Black "Rajkovic,Du"]
[Result "1/2-1/2"]
[WhiteElo "2380"]
[BlackElo "2522"]

1.Nf3 Nf6 2.c4 c5 3.Nc3 b6 4.g3 Bb7 5.Bg2 e6 6.O-O Be7 7.Re1 d6 8.e4 e5 9.d3 Nc6
10.Nd5 Nxd5 11.cxd5 Nb8 12.b4 cxb4 13.Qa4+ Nd7 14.Qxb4 O-O 15.d4 exd4 16.Nxd4 Nc5
17.Qa3 Bf6 18.Bb2 Qd7 19.Rad1 g6 20.Nc6 Bxb2 21.Qxb2 f6 22.Nd4 Rae8 23.Qa3 a6
24.Ne6 Nxe6 25.dxe6 Rxe6 26.Qb3 Kg7 27.Qxb6 Qb5 28.Rb1 Qxb6 29.Rxb6 Rf7 30.Rd1 Bxe4
31.Bxe4 Rxe4 32.Rxa6 Rd7 33.Raxd6 Rxd6 34.Rxd6 Ra4 35.Rd2 g5 36.Kf1 h5 37.Ke2 Ra3
38.Kd1 Kg6 39.Kc1 Ra8 40.Kb2 Rb8+ 41.Ka1 Ra8 42.Rd4 Re8 43.a4 Re1+ 44.Kb2 Re2+
45.Kc3 Rxf2 46.Rd2 Rf1 47.Ra2 Rc1+ 48.Kd4 Rd1+ 49.Ke3 Re1+ 50.Kf3 g4+ 51.Kf2 Re6
52.a5 Ra6 53.Ke3 Kg5 54.Ke4 h4 55.Kd5 hxg3 56.hxg3 f5 57.Ke5  1/2-1/2

[Event "TCh-HUN 2007-8"]
[Site "Budapest HUN"]
[Date "2007.11.25"]
[Round "3"]
[White "Ruck,R1"]
[Black "Czebe,A"]
[Result "1-0"]
[WhiteElo "2561"]
[BlackElo "2499"]

1.Nf3 c5 2.c4 Nf6 3.Nc3 e6 4.g3 Be7 5.Bg2 O-O 6.O-O d6 7.d4 cxd4 8.Nxd4 a6
9.b3 Nbd7 10.Bb2 Qc7 11.Rc1 Rb8 12.Qd2 Nc5 13.Qc2 Re8 14.Rfd1 Bf8 15.h3 Ncd7
16.Qd2 Ne5 17.Ba3 Rd8 18.e3 Bd7 19.Kh2 Rbc8 20.Qe2 Qa5 21.Bb2 Rb8 22.Qd2 Qc7
23.Ne4 Nxe4 24.Bxe4 Rbc8 25.Qc2 h6 26.f4 Nc6 27.Qg2 Be8 28.Bb1 g6 29.Ne2 Qe7
30.Nc3 Bg7 31.Be4 Na5 32.Bf3 b5 33.cxb5 axb5 34.Qd2 Nb7 35.Ne4 Bc6 36.Rxc6 Rxc6
37.Nf6+ Bxf6 38.Bxf6 Qxf6 39.Bxc6 Nc5 40.Bxb5 Ne4 41.Qd4 Qxd4 42.Rxd4 Nc3
43.a4 Nxb5 44.axb5 Kf8 45.b6 Ke7 46.Rc4 f5 47.Rc7+ Kf6 48.b7 Rb8 49.Rd7 g5
50.Kg2 Kg6 51.Kf3 Kf6 52.Ke2 Kg6 53.Kd3  1-0

[Event "WYb16"]
[Site "Kemer TUR"]
[Date "2007.11.25"]
[Round "8"]
[White "Harper,W"]
[Black "Gijsen,S"]
[Result "1-0"]
[WhiteElo "2195"]
[BlackElo "2084"]

1.Nf3 Nf6 2.c4 c5 3.Nc3 e6 4.d4 cxd4 5.Nxd4 Nc6 6.g3 Bb4 7.Bg2 Qb6 8.Nc2 Bxc3+
9.bxc3 O-O 10.Ba3 Rd8 11.Qd6 Qa5 12.O-O Qe5 13.Qxe5 Nxe5 14.Ne3 d6 15.Rfd1 Ne8
16.Rd2 Bd7 17.Bxb7 Rab8 18.Rb1 Ba4 19.Rdb2 Nf6 20.f3 Rd7 21.f4 Ng6 22.Bg2 Rxb2
23.Rxb2 a5 24.Rb8+ Nf8 25.Ra8  1-0

[Event "WYb16"]
[Site "Kemer TUR"]
[Date "2007.11.25"]
[Round "8"]
[White "Janev,T"]
[Black "Kaminski,V"]
[Result "0-1"]
[WhiteElo "2265"]
[BlackElo "2157"]

1.Nf3 Nf6 2.c4 c5 3.Nc3 e6 4.d4 cxd4 5.Nxd4 d5 6.Bg5 Be7 7.cxd5 exd5 8.e3 O-O
9.Be2 Nc6 10.O-O Be6 11.Rc1 Rc8 12.Qa4 a6 13.Rfd1 Na5 14.Bxf6 Bxf6 15.Nxe6 fxe6
16.Bg4 Rc6 17.e4 b5 18.Qc2 d4 19.Qe2 Qc8 20.e5 Bg5 21.f4 Rxf4 22.h4 Bd8 23.Rf1 Rxf1+
24.Rxf1 dxc3 25.Qf3 Bb6+ 26.Kh2 Qe8 27.Bh5 g6  0-1

[Event "WYb18"]
[Site "Kemer TUR"]
[Date "2007.11.26"]
[Round "9"]
[White "Margvelashvili,G"]
[Black "Howell,D"]
[Result "0-1"]
[WhiteElo "2451"]
[BlackElo "2527"]

1.Nf3 Nf6 2.c4 c5 3.Nc3 d5 4.cxd5 Nxd5 5.g3 Nc6 6.Bg2 Nc7 7.O-O g6 8.b3 Bg7
9.Bb2 b6 10.Rc1 O-O 11.Na4 e5 12.b4 e4 13.Bxg7 Kxg7 14.Ne1 Nxb4 15.a3 Nbd5
16.Bxe4 Re8 17.Bf3 Ne6 18.Nc3 Bb7 19.Nxd5 Bxd5 20.Bxd5 Qxd5 21.Nf3 Rad8 22.Re1 g5
23.Qa4 Re7 24.Rc3 Qf5 25.Re3 h6 26.d3 Qf6 27.Qc4 h5 28.Re4 Rde8 29.Qc1 g4
30.Nh4 Ng5 31.Rxe7 Nh3+ 32.Kg2 Rxe7 33.f4 Kg8 34.e4 Rd7 35.Re3 c4 36.dxc4 Qd8
37.Qc3 Rd2+ 38.Kf1 Rd1+ 39.Ke2 Ng1+ 40.Kf2 Nh3+ 41.Ke2 Rh1 42.Rd3 Nxf4+ 43.gxf4 Qxh4
44.Ke3 Re1+ 45.Kd4 Qf6+  0-1

[Event "20th Belgrade Trophy"]
[Site "Belgrade SRB"]
[Date "2007.11.28"]
[Round "7"]
[White "Jakovljevic,Vlado"]
[Black "Prelevic,D"]
[Result "1-0"]
[WhiteElo "2461"]
[BlackElo "2352"]

1.Nf3 c5 2.c4 Nf6 3.Nc3 g6 4.d4 cxd4 5.Nxd4 d6 6.e4 Bg7 7.Be2 Nc6 8.Be3 O-O
9.O-O Bd7 10.Qd2 Nxd4 11.Bxd4 Bc6 12.f3 a5 13.b3 Nd7 14.Be3 Nc5 15.Rab1 Qb6
16.Rfc1 Rfc8 17.Rc2 Qd8 18.Bf1 b6 19.a3 Nd7 20.Qf2 Qc7 21.Nd5 Bxd5 22.exd5 b5
23.c5 dxc5 24.Bxb5 Rab8 25.a4 Qd6 26.Qd2 Nb6 27.Rd1 Be5 28.f4 Bf6 29.Bc6 Nd7
30.Bb5 Nb6 31.Qd3 Rc7 32.Rdc1 Nxd5 33.Bxc5 Qe6 34.g3  1-0

[Event "WYb18"]
[Site "Kemer TUR"]
[Date "2007.11.28"]
[Round "11"]
[White "Lalith,B"]
[Black "Gallego,A"]
[Result "1/2-1/2"]
[WhiteElo "2350"]
[BlackElo "2271"]

1.Nf3 c5 2.c4 Nf6 3.Nc3 d5 4.cxd5 Nxd5 5.d4 Nxc3 6.bxc3 g6 7.Bf4 Qa5 8.Qd2 Bg7
9.e3 Nc6 10.Bc4 O-O 11.h3 b5 12.Bb3 Bb7 13.Rc1 Rad8 14.O-O e5 15.Bg5 Rd7
16.d5 e4 17.Nh2 Ne5 18.d6 c4 19.Bc2 Nd3 20.Bxd3 Rxd6 21.Qb2 Rxd3 22.Be7 Re8
23.Bb4 Qa4 24.Bc5 Qa5 25.Bd4 Bxd4 26.exd4 f5 27.Rfe1 Bc6 28.Nf1 f4 29.Rc2 Rxd4
30.Qc1 Rd3 31.Qxf4 Rxc3 32.Rce2 b4 33.Qd6 Qb6 34.Ne3 Rd3 35.Qf6 Bb5 36.Ng4 Qxf6
37.Nxf6+ Kf7 38.Nxe8 Kxe8 39.Rxe4+ Kd7 40.Re7+ Kd6  1/2-1/2

[Event "Open"]
[Site "Rijeka CRO"]
[Date "2007.11.29"]
[Round "6"]
[White "Sikanjic,B"]
[Black "Grooten,H"]
[Result "0-1"]
[WhiteElo "2205"]
[BlackElo "2350"]

1.c4 c5 2.Nc3 b6 3.Nf3 Nf6 4.e4 d6 5.d4 cxd4 6.Nxd4 Bb7 7.f3 e6 8.Be2 Be7
9.Be3 O-O 10.O-O a6 11.a4 Qc7 12.a5 bxa5 13.Qa4 Bd8 14.Nb3 Nc6 15.Rfd1 Rb8
16.Bf4 Ne5 17.c5 dxc5 18.Kh1 Bc6 19.Qa2 Be7 20.Nxa5 Bb5 21.Nc4 Bxc4 22.Bxc4 Nh5
23.Be3 Nxc4 24.Qxc4 Rxb2 25.Rxa6 h6 26.Ne2 Rd8 27.Raa1 Rxd1+ 28.Rxd1 Qa5
29.Rc1 Nf6 30.Nf4 Qb5 31.Qxb5 Rxb5 32.Nd3 Nd7 33.Kg1 Kf8 34.Kf2 Bd6 35.f4 f5
36.e5 Be7 37.Rc2 Ke8 38.Ke2 Kd8 39.h3 h5 40.Rc4 Kc7 41.Bd2 Nb6 42.Rc2 Nd5
43.Ra2 Kb7 44.Nb2 Nb6 45.Bc3 Rb3 46.Ba5 Nd5 47.Bd2 Nc3+ 48.Bxc3 Rxc3 49.Na4 Rb3
50.Nb2 Rb4 51.Nd3 Re4+ 52.Kf3 c4 53.Ne1 Rxe1  0-1

[Event "Parsvnath ch-Commonwealth"]
[Site "New Delhi IND"]
[Date "2007.12.03"]
[Round "1"]
[White "Lalith,B"]
[Black "Bavankumar"]
[Result "1-0"]
[WhiteElo "2350"]
[BlackElo "1949"]

1.Nf3 Nf6 2.c4 c5 3.Nc3 e6 4.g3 Be7 5.Bg2 O-O 6.O-O Nc6 7.d4 cxd4 8.Nxd4 Bc5
9.Nb3 Bb4 10.Qc2 Qe7 11.Rd1 a5 12.Na4 Bd6 13.Bg5 Bc7 14.Nbc5 d5 15.Nb3 Nb4
16.Qc3 Bd7 17.Nac5 Bc6 18.a3 d4 19.Qxd4 Bxg2 20.Kxg2 Nc6 21.Bxf6 Qxf6 22.Qxf6 gxf6
23.Nd7 Rfd8 24.Nxf6+ Kg7 25.Ne4 Be5 26.Rxd8 Rxd8 27.Rb1 a4 28.Nbc5 Na5 29.Nd3 Bd4
30.Nd2 e5 31.b4 axb3 32.Nxb3 Nxc4 33.Nxd4 exd4 34.Rxb7 Re8 35.Nf4 Nxa3 36.Rb4 Rd8
37.Kf3 Kf6 38.Ke4 Re8+ 39.Kd3 Re5 40.Rxd4 Nb5 41.Rd5 Rxd5+ 42.Nxd5+ Ke5 43.Nc3 Nd6
44.e4 Nb7 45.f4+ Ke6 46.Kd4 Nd6 47.f5+ Ke7 48.g4 h6 49.h4 f6 50.Nd5+ Kf7
51.Nxf6  1-0

[Event "Parsvnath ch-Commonwealth"]
[Site "New Delhi IND"]
[Date "2007.12.05"]
[Round "5"]
[White "Murshed,N"]
[Black "Saravana,Kr"]
[Result "1/2-1/2"]
[WhiteElo "2428"]
[BlackElo "2261"]

1.Nf3 Nf6 2.c4 c5 3.Nc3 d5 4.cxd5 Nxd5 5.g3 Nc6 6.Bg2 Nxc3 7.bxc3 e5 8.d3 Be7
9.O-O O-O 10.c4 e4 11.dxe4 Qxd1 12.Rxd1 Na5 13.Bg5 f6 14.Bf4 Be6 15.Nd2 Rac8
16.Rdc1 Rfd8 17.Be3 Rc7 18.f4 b6 19.Kf2 Rcd7 20.Rc2 g5 21.Rac1 Nc6 22.Nf3 gxf4
23.gxf4 Rd1 24.Nd2 Nb4 25.Rxd1 Nxc2 26.Rg1 Kh8 27.Rc1 Nxe3 28.Kxe3 Rd4 29.Bf3 Bf8
30.Bh5 Bh6 31.Rc2 f5 32.Be8 Rd8 33.Bc6 fxe4 34.Nxe4 Rd4 35.Bd5 Bxd5 36.cxd5 Rxd5
37.Kf3 Rd1 38.e3 Bg7 39.Ng3 Bf8 40.e4 Kg7 41.Nf5+ Kf6 42.Ne3 Rd3 43.Ke2 Rd4
44.Nd5+ Ke6 45.Ke3 Ra4 46.Kf3 c4 47.Nc3 Ra3 48.Ke2  1/2-1/2

[Event "Parsvnath ch-Commonwealth"]
[Site "New Delhi IND"]
[Date "2007.12.05"]
[Round "5"]
[White "Lalith,B"]
[Black "Negi,V"]
[Result "1-0"]
[WhiteElo "2350"]
[BlackElo "2130"]

1.Nf3 Nf6 2.c4 c5 3.Nc3 b6 4.g3 Bb7 5.Bg2 g6 6.O-O Bg7 7.Re1 Ne4 8.Qc2 Nxc3
9.dxc3 d6 10.h4 h5 11.Bf4 Nd7 12.Rad1 Qc7 13.Bg5 Nf6 14.e4 Ng4 15.Bh3 Bc8
16.Bg2 Bb7 17.Nd2 O-O 18.Nf1 Rae8 19.f3 Ne5 20.Ne3 f6 21.Bf4 Qc8 22.Qe2 Kf7
23.Kh2 Rh8 24.Bh3 Qb8 25.Nd5 e6 26.Ne3 Bc8 27.Rd2 Bf8 28.Nd1 Be7 29.Nf2 Qc7
30.b3 Reg8 31.Red1 Rh7 32.Kg2 Rhh8 33.Rh1 Rh7 34.Kf1 Rgh8 35.Kg1 Rg8 36.Bg2 Rhh8
37.Kf1 Rh7 38.Ke1 Ke8 39.Kd1 Nf7 40.Kc2 Ne5 41.Be3 Kf8 42.f4 Nf7 43.Rf1 Bb7
44.Nd3 f5 45.exf5 gxf5 46.Bxb7 Qxb7 47.Bf2 Nd8 48.Ne1 Rh6 49.Nf3 Rhg6 50.Ng5 Rf6
51.Qd3 Qc6 52.Rfd1 Rfg6 53.Qe2 Rf6 54.Rd3 Ke8 55.R1d2 Nb7 56.Re3 Nd8 57.Kb2 Kf8
58.b4 Qb7 59.Ka1 cxb4 60.cxb4 Rfg6 61.Rb3 Nc6 62.a3 a5 63.b5 Na7 64.Bd4 Nc8
65.Re3 Qd7 66.Rd1 Ke8 67.Re1 Bxg5 68.hxg5 Rf8 69.Bf6  1-0

[Event "Parsvnath ch-Commonwealth"]
[Site "New Delhi IND"]
[Date "2007.12.05"]
[Round "5"]
[White "Ravi,L"]
[Black "Dahale,A"]
[Result "1-0"]
[WhiteElo "2388"]
[BlackElo "2065"]

1.c4 c5 2.Nf3 Nf6 3.Nc3 b6 4.e3 Bb7 5.d4 cxd4 6.exd4 d6 7.Bd3 g6 8.O-O Bg7
9.Re1 O-O 10.d5 Nbd7 11.Bg5 Rc8 12.Qd2 Re8 13.Rac1 a6 14.Bf1 Rc7 15.Bh6 Bxh6
16.Qxh6 Ng4 17.Qh4 Ngf6 18.Ng5 Kg7 19.Nce4 b5 20.Nxf7 Kxf7 21.Ng5+ Kg8 22.Ne6 Qc8
23.Qh6 Nh5 24.g4 Nf8 25.gxh5 Nxe6 26.Rxe6 Bxd5 27.hxg6 Qxe6 28.Qxh7+ Kf8
29.g7+  1-0

[Event "It"]
[Site "Podgorica MNE"]
[Date "2007.12.06"]
[Round "8"]
[White "Bogosavljevic,B"]
[Black "Podlesnik,B"]
[Result "0-1"]
[WhiteElo "2491"]
[BlackElo "2401"]

1.Nf3 c5 2.c4 Nf6 3.Nc3 e6 4.g3 d5 5.cxd5 Nxd5 6.Bg2 Nc6 7.O-O Be7 8.d4 O-O
9.Nxd5 exd5 10.dxc5 Bxc5 11.Qc2 Bb6 12.Bg5 Qd7 13.Rad1 h6 14.Bd2 Qe7 15.Bc3 Rd8
16.Nd4 Bg4 17.Rfe1 Qf6 18.Qd2 Rac8 19.h3 Bh5 20.g4 Bg6 21.e3 Qe7 22.Rc1 Be4
23.f3 Bg6 24.Kh1 Re8 25.f4 Be4 26.Nf5 Bxf5 27.gxf5 Bxe3 28.Qxd5 Qh4 29.Qd7 Red8
30.Qxb7 Bxc1 31.Rxc1 Nd4 32.Qe4 Nb5 33.Kh2 Re8 34.Be1 Qd8 35.Rxc8 Qxc8 36.Qb4 Qxf5
37.a4 Nd4 38.Bd2 Qd3 39.Qc3 Qxc3 40.Bxc3 Ne2 41.Bd2 Rc8 42.b4 Rc2 43.Be3 Rc4
44.Bxa7 Rxb4 45.a5 Nxf4 46.Bc6 Nd3 47.Bd4 Rxd4 48.a6 Rd8 49.a7 g5 50.a8=Q Rxa8
51.Bxa8 f5 52.Kg3 Kg7 53.Bb7 Kf6 54.Ba6 Nc5 55.Bc8 Ke5 56.Kf3 Ne4 57.Bd7 h5
58.Be8 g4+ 59.Kg2 Nf6 60.Bf7 Kf4 61.h4 Ke3 62.Be6 f4 63.Bc8 f3+ 64.Kg3 Ne4+  0-1